00896 2200277 4500001002100000005001500021035002000036007000300056008004100059020001800100082001100118084001600129084001400145100002000159245013400179250001700313260005200330300003800382650005100420650004600471700001800517700002900535700002800564990001300592990001300605INLIS00000000111899620220525100329 a0010-0522000142ta220525 0 ind a9786233121811 a372.21 aD PAUD 4403 aPAUD 44030 aHadjar Pamadhi,1 aSeni Keterampilan Anak :b1-9 / PAUD4403 / 3 SKS /cHadjar Pamadhi, Evan Sukardi, Siti Nurhayati (Editor), Mutiara Magta (Editor) aEd. 2 Cet. 1 aTangerang Selatan :bUniversitas Terbuka,c2021 a449 halaman :bilustrasi ;c27 cm 4aPendidikan Anak Usia dini -- Keterampilan Anak 4aEarly Childhood Education -- Child Skills0 aEvan Sukardi,0 aSiti Nurhayati (Editor),0 aMutiara Magta (Editor), a22/90016 a22/30016